| 000 | 00394nam a22001217a 4500 | ||
|---|---|---|---|
| 082 | _a220 PRO | ||
| 100 |
_aAyaz Ul Haq Furqan Ather Fawad Hameed _971247 |
||
| 245 | _aPR-SOF-1440-Parametric Study and Optimization of Laser Cutting Machine | ||
| 260 |
_aISLAMABAD _bNUST COLLEGE OF EME _c2015 |
||
| 650 |
_aDE-MECH-33 _971248 |
||
| 700 |
_aDr. Khalid Mehmood Dr. Rizwan Saeed _971249 |
||
| 942 | _cCR | ||
| 999 |
_c577872 _d577872 |
||